00629nam a2200217Ia 4500008004100000020001800041050001700059050001400076100002200090245003200112245005300144245004700197260001300244260002300257260000900280300001600289300002000305300001100325650003100336650004400367160517s9999 xx 000 0 und d a971-668-012-0 aFIL DS 653.7 b.V45 1996 aVelasco, Rheno A. aTalambuhay ng mga pangulo : brepublika ng Pilipinas (para sa mga mag-aaral) / ctinipon at sinaliksik ni Rheno A. Velasco. aManila : bLoacan Pub. House, c1996 a107 pages : billustrations ; c20 cm. aPresidents -- Philippines. xPresidents -- Philippines -- Biography.